Моечно-шприцевальная многованная машина непрерывного действия "LC.26" для пивных бутылок 0,5 и 0,33 л (Запись № 9167324)

Подробности
000 -МАРКЕР
контрольное поле 00899nam1a22002291i 4500
001 - ИДЕНТИФИКАТОР ЗАПИСИ
контрольное поле rc\4602045
005 - ИДЕНТИФИКАТОР ВЕРСИИ
контрольное поле 20240726004525.0
035 ## - ДРУГИЕ СИСТЕМНЫЕ НОМЕРА
Идентификатор записи (NLR Aleph) 008389325
100 ## - ДАННЫЕ ОБЩЕЙ ОБРАБОТКИ
Данные общей обработки 20130416d1960 |||y0rusy50 ca
101 1# - ЯЗЫК РЕСУРСА
Язык текста, звукозаписи и т.д. русский
Язык оригинала французский
102 ## - СТРАНА ПУБЛИКАЦИИ ИЛИ ПРОИЗВОДСТВА
Страна публикации российская федерация
105 ## - ПОЛЕ КОДИРОВАННЫХ ДАННЫХ: ТЕКСТОВЫЕ МАТЕРИАЛЫ, МОНОГРАФИЧЕСКИЕ
Кодированные данные о монографическом текстовом документе y z |||||
200 1# - ЗАГЛАВИЕ И СВЕДЕНИЯ ОБ ОТВЕТСТВЕННОСТИ
Основное заглавие Моечно-шприцевальная многованная машина непрерывного действия "LC.26" для пивных бутылок 0,5 и 0,33 л
Сведения, относящиеся к заглавию Производительность 20000 бутылок в час
-- Инструкция
-- Пер. с фр.
-- Ч. 1
Первые сведения об ответственности Предприятия Шелл
210 ## - ПУБЛИКАЦИЯ, РАСПРОСТРАНЕНИЕ И ДР.
Место издания, распространения и т.д. [Москва
Имя издателя, распространителя и т. д. Б. и.
Дата издания, распространения и т.д. 1960]
215 ## - ФИЗИЧЕСКАЯ ХАРАКТЕРИСТИКА
Размеры 29
300 ## - ОБЩИЕ ПРИМЕЧАНИЯ
Текст примечания Текст на одной стороне листа
300 ## - ОБЩИЕ ПРИМЕЧАНИЯ
Текст примечания Литогр.
801 #0 - ИСТОЧНИК ЗАПИСИ
Страна российская федерация
Организация NLR
Правила каталогизации psbo
801 #1 - ИСТОЧНИК ЗАПИСИ
Страна российская федерация
Организация ELAR
Источник данных rusmarc
852 ## - МЕСТОНАХОЖДЕНИЕ И ШИФР ХРАНЕНИЯ
Идентификатор организации NLR
Шифр хранения (Call Number) 60-8/968
942 ## - ДОПОЛНИТЕЛЬНЫЕ ЭЛЕМЕНТЫ ЗАПИСИ (АБИС)
Тип экземпляра АБИС Книга

Нет доступных экземпляров.